जन्मलेल्या प्रत्येकाला (Record no. 1241079)

MARC details
000 -LEADER
fixed length control field 00702nam a2200193Ia 4500
008 - FIXED-LENGTH DATA ELEMENTS--GENERAL INFORMATION
fixed length control field 151121s9999||||xx |||||||||||||| ||und||
082 ## - DEWEY DECIMAL CLASSIFICATION NUMBER
Classification number 818/तेंडुल
082 ## - DEWEY DECIMAL CLASSIFICATION NUMBER
Item number HNW-59294
100 ## - MAIN ENTRY--PERSONAL NAME
Personal name तेंडुलकर प्रिया
245 ## - TITLE STATEMENT
Title जन्मलेल्या प्रत्येकाला
260 ## - PUBLICATION, DISTRIBUTION, ETC. (IMPRINT)
Name of publisher, distributor, etc पिंपल वसई
260 ## - PUBLICATION, DISTRIBUTION, ETC. (IMPRINT)
Date of publication, distribution, etc --
300 ## - PHYSICAL DESCRIPTION
Extent 172
600 ## - SUBJECT ADDED ENTRY--PERSONAL NAME
Personal name तेंडुलकर प्रिया
630 ## - SUBJECT ADDED ENTRY--UNIFORM TITLE
Uniform title जन्मलेल्या प्रत्येकाला
700 ## - ADDED ENTRY--PERSONAL NAME
Personal name तेंडुलकर प्रिया
730 ## - ADDED ENTRY--UNIFORM TITLE
Uniform title जन्मलेल्या प्रत्येकाला
942 ## - ADDED ENTRY ELEMENTS (KOHA)
Koha item type Book
Holdings
Withdrawn status Lost status Damaged status Not for loan Home library Current library Date acquired Cost, normal purchase price Total Checkouts Full call number Barcode Date last seen Cost, replacement price Price effective from Koha item type
        Hirachand Nemchand Wachanalaya, Solapur Hirachand Nemchand Wachanalaya, Solapur 11/21/2015 65.00   HNW-59294 HNW-59294 11/21/2015 65.00 11/21/2015 Book